Biggest French Cities Starting With 'France' - Statistics

General Stats
  • This quiz has been taken 23 times
  • The average score is 3 of 6
Answer Stats
Letter Population City % Correct
N 353 k Nice
100%
R 228 k Rennes
90%
A 157 k Angers
67%
C 147 k Clermont-Ferrand
24%
E 48 k Évreux
24%
F 58 k Fréjus
10%
No matching quizzes found
Score Distribution
Percent of People with Each Score
Percentile by Number Answered
Your Score History
You have not taken this quiz